বাংলাদেশ নদ-নদী ভ্রমণ / (Record no. 11147)
[ view plain ]
| 000 -LEADER | |
|---|---|
| fixed length control field | 00786nam a2200241 a 4500 |
| 001 - CONTROL NUMBER | |
| JCCL Control Number | 11147 |
| 003 - CONTROL NUMBER IDENTIFIER | |
| JCCL marc code | BD-JhCC |
| 005 - DATE AND TIME OF LATEST TRANSACTION | |
| control field | 20190921111629.0 |
| 008 - FIXED-LENGTH DATA ELEMENTS--GENERAL INFORMATION | |
| fixed length control field | 190603b 2015bg a|||| ||a| 000 0 ben d |
| 020 ## - INTERNATIONAL STANDARD BOOK NUMBER | |
| International Standard Book Number | 9789849119531 |
| 035 ## - SYSTEM CONTROL NUMBER | |
| system control number | (BD-JhCC)11147 |
| 040 ## - CATALOGING SOURCE | |
| Original cataloging agency | BD-JhCC |
| Modifying agency | BD-JhCC |
| 041 ## - LANGUAGE CODE | |
| Language code of Book | ben |
| 082 ## - DEWEY DECIMAL CLASSIFICATION NUMBER | |
| Author mark and Year | KHO 2015 |
| Classification number | 915.492 |
| 100 ## - MAIN ENTRY--PERSONAL NAME | |
| Personal name | খোকন, লিয়াকত হোসেন |
| 245 ## - TITLE STATEMENT | |
| Title | বাংলাদেশ নদ-নদী ভ্রমণ / |
| Statement of responsibility, etc | লিয়াকত হোসেন খোকন । |
| 260 ## - PUBLICATION, DISTRIBUTION, ETC. (IMPRINT) | |
| Place of publication, distribution, etc | ঢাকা: |
| Name of publisher, distributor, etc | অনিন্দ্য প্রকাশ; |
| Date of publication, distribution, etc | ২০১৫. |
| 300 ## - PHYSICAL DESCRIPTION | |
| Pagination | ১৫১ পৃঃ . : |
| Other physical details | ill; |
| Dimensions | ২৬ সেমি. |
| 650 ## - SUBJECT ADDED ENTRY--TOPICAL TERM | |
| Topical term or geographic name as entry element | Travel |
| Geographic subdivision | Bangladesh |
| 650 ## - SUBJECT ADDED ENTRY--TOPICAL TERM | |
| Topical term or geographic name as entry element | River |
| 942 ## - ADDED ENTRY ELEMENTS (KOHA) | |
| Source of classification or shelving scheme | Dewey Decimal Classification |
| Koha item type | Books |
| Source of classification or shelving scheme | Damaged status | Not for loan | Home library | Current library | Shelving location | Date of accession | Cost, normal purchase price | Total Checkouts | Full call number | Barcode | Date last seen | Copy number | Koha item type |
|---|---|---|---|---|---|---|---|---|---|---|---|---|---|
| Dewey Decimal Classification | JCC Rouf Library | JCC Rouf Library | General Stacks | 06/01/2019 | 350.00 | 915.492 KHO 2015 | 14911 | 08/03/2019 | C-1 | Books |